Proyectos PAPIIT 2002 /

Documento en que se dan a conocer los avances y resultados de 11 investigaciones realizadas durante 2002 por profesores y alumnos de la Faculta de Economía de la Universidad Nacional Autónoma de México que son apoyados por Programa de Apoyo a Proyectos de Investigación e Innovación Tecnológica (PAPI...

Celý popis

Uloženo v:
Podrobná bibliografie
Korporativní autor: UNAM. Programa de Apoyo a Proyectos de Investigación e Innovación Tecnológica
Médium: Kniha
Jazyk:španělština
Témata:
Tagy: Přidat tag
Žádné tagy, Buďte první, kdo vytvoří štítek k tomuto záznamu!

MARC

LEADER 00000nam^a2200000^a^4500
001 000171984
005 20250521000000.0
009 20260310101402.409
037 |a Acervo ITESO - Biblioteca 
041 |a ESP 
082 |a 330. 072072532  |b UNI UNAM 2002 
110 |a UNAM.  |b Programa de Apoyo a Proyectos de Investigación e Innovación Tecnológica 
245 1 0 |a Proyectos PAPIIT 2002 /  |c Presen. de Consuelo González Rodríguez. 
264 |a México :  |b UNAM, Facultad de Economía, Dirección de Asuntos Académicos,  |c 2003 
300 |a 61 p. 
336 |a texto  |b txt  |2 rdacontenido 
337 |a sin mediación  |b n  |2 rdamedio 
338 |a volumen  |b nc  |2 rdasoporte 
520 |a Documento en que se dan a conocer los avances y resultados de 11 investigaciones realizadas durante 2002 por profesores y alumnos de la Faculta de Economía de la Universidad Nacional Autónoma de México que son apoyados por Programa de Apoyo a Proyectos de Investigación e Innovación Tecnológica (PAPIT) de la misma casa de estudios. Contenido: Eudoxio: modelo macroeconométrico de la economía mexicana: escenarios prospectivos, 1999-2030 (Eduardo Loría Díaz y Benjamín García Páez); Demanda por importaciones y crecimiento de la economía mexicana (Gerardo Fujii, Claudia Gaona); Política monetaria y mercados financieros en México bajo los efectos de la liberalización financiera y comercial: una visión econométrica (Luis Miguel Galindo, María Elena Cardero); Cambios estructurales en la industria manufacturera mexicana: el caso de la región centro-norte de México, 1994-2000 (Sandra Martínez Aguilar, Gabriel Mendoza Pichardo); Evaluación de políticas e instrumentos para la gestión ambiental (Roberto Escalante Semerena, Fidel Aroche Reyes); Superación de la pobreza y universalización de la política social (Rolando Cordera Campos, Carlos Javier Cabrera Adame); México ante un nuevo paradigma: cambio socioinstitucional y tecnológico (Miguel Angel Rivera Ríos, José Antonio Romero Sánchez); Revolución Mexicana: personajes y procesos agrarios en el norte y centro del país: balance y resultados (Esperanza Fujigaki Cruz); México-Estados Unidos: credibilidad macroeconómica en economías abiertas (Fernando Talavera, Hugo Contreras Sosa); Tipos y trayectorias de la integración económica de América del Norte (Martín Puchet Anyul); Empleo y migraciones internacionales: dos estudios de caso: Colima y Villa de Alvarez (Amaría Antonieta Barrón Pérez). 
610 |a UNAM 
649 |a XX 
650 |a Industria Manufacturera -  |z México 
650 |a Cambios Sociales y Culturales -  |z México 
650 |a Pobreza -  |z México 
650 |a Migración -  |z México -  |x Aspectos Económicos 
650 |a Reforma Agraria -  |z México 
650 |a Tenencia de la Tierra -  |z México 
650 |a Indicadores Económicos -  |z México 
650 |a Prospectiva Económica -  |z México 
650 |a Mercado de Valores -  |z México 
650 |a Importaciones -  |z México 
650 |a Comercio Exterior -  |z México 
650 |a Comercio Internacional 
650 |a Desarrollo Económico-Social -  |z México 
650 |a Desarrollo Económico-Social -  |z México 
650 |a Tratado de Libre Comercio -  |z México-EUA 
650 |a Tratados Comerciales Internacionales -  |z México 
650 |a Apertura Comercial e Integración Económica -  |z México 
650 |a Liberalismo -  |z México 
650 |a Política Ambiental -  |z México 
650 |a Política Social -  |z México 
650 |a Política Monetaria -  |z México 
650 |a Política Comercial -  |z México 
650 |a Política Económica -  |z México 
650 |a Conservación y Protección Ambiental -  |z México 
650 |a Finanzas -  |z México 
650 |a Econometría -  |z México 
650 |a Macroeconomía -  |z México 
650 |a Educación Superior -  |z México 
650 |a Economía -  |z México -  |x Investigación 
650 |a Economía -  |z México -  |x Historia 
910 |a Fondo General 
920 |a Impresos - Libros 
930 |a Colección General 
905 |a 101 
901 |a 0500110011  |b IT1  |c ACC  |u 20250521 
902 |a https://opac.biblio.iteso.mx/vufind/Record/000171984